Fr. Conceicao Rodrigues College of Engineering

Logic circuits (Record no. 23722)

MARC details
000 -LEADER
fixed length control field 00264nam a2200133Ia 4500
082 ## - DEWEY DECIMAL CLASSIFICATION NUMBER
Classification number 621.395
Item number JOG
100 ## - MAIN ENTRY--PERSONAL NAME
Personal name Jog/ Nandini L
245 ## - TITLE STATEMENT
Title Logic circuits
260 ## - PUBLICATION, DISTRIBUTION, ETC.
Name of publisher, distributor, etc. Nandu Pub
Date of publication, distribution, etc. 1998
300 ## - PHYSICAL DESCRIPTION
Extent 264
546 ## - LANGUAGE NOTE
Language note ENGLISH
654 ## - SUBJECT ADDED ENTRY--FACETED TOPICAL TERMS
Focus term logic
942 ## - ADDED ENTRY ELEMENTS (KOHA)
Koha item type BOOK
Holdings
Withdrawn status Lost status Damaged status Not for loan Collection Home library Current library Date acquired Total Checkouts Full call number Barcode Date due Date last seen Date last checked out Price effective from Koha item type
        CRC Fr. Agnel's C.Rodrigues College of Engineering Fr. Agnel's C.Rodrigues College of Engineering 17/03/2023   621.395 JOG 11804   17/03/2023   17/03/2023 Reference Book
        CRC Fr. Agnel's C.Rodrigues College of Engineering Fr. Agnel's C.Rodrigues College of Engineering 17/03/2023   621.395 JOG 11805   17/03/2023   17/03/2023 BOOK
        CRC Fr. Agnel's C.Rodrigues College of Engineering Fr. Agnel's C.Rodrigues- College of Engineering 17/03/2023 1 621.395 JOG 11803 28/05/2010 05/06/2023 05/06/2023 17/03/2023 BOOK